| 000 | 00798cab a2200229 4500 | ||
|---|---|---|---|
| 001 | WB3522-01 | ||
| 008 | 090401t1999 xxu||||| |||| 00| 0 eng d | ||
| 035 | _a(Sirsi) u93833 | ||
| 041 | _aeng | ||
| 245 | _aVideo link-up auctions | ||
| 260 | _c1999 | ||
| 350 | _a0 | ||
| 490 |
_aProperty Week _v64(22) 4 June 1999, 19(1) |
||
| 520 | _aJones Lang LaSalle has launched a video conferencing service for commercial auctions. Viewers can watch live video of the auction transmitted via ISDN to their computer terminals, with prices posted as soon as the lots are knocked down. | ||
| 650 | _aPROPERTY-COMMERCIAL PROPERTY | ||
| 650 | _aINTERNET AUCTIONS | ||
| 650 | _aJONES LANG LASALLE | ||
| 650 | _aVIDEOCONFERENCING | ||
| 690 |
_aAuctioneering _96218 |
||
| 942 | _n0 | ||
| 948 | _c09/06/1999 | ||
| 999 |
_c59470 _d59470 |
||